Синхронные реактивные редукторные двигатели с уменьшенными колебаниями угловой скорости вращения ротора: автореферат диссертации на соискание ученой степени кандидата технических наук; спец. 05.09.01

Dades bibliogràfiques
Autor principal: Шуф Л. М. Леонид Моисеевич
Autor corporatiu: Полюс, Томский политехнический институт (ТПИ)
Altres autors: Кононенко Е. В. (научный руководитель)
Idioma:rus
Publicat: Томск, [Б. и.], 1984
Matèries:
Format: MixedMaterials Llibre
KOHA link:https://koha.lib.tpu.ru/cgi-bin/koha/opac-detail.pl?biblionumber=336555

MARC

LEADER 00000nam0a2200000 4500
001 336555
005 20231102004851.0
035 |a (RuTPU)RU\TPU\book\362984 
035 |a RU\TPU\book\248098 
090 |a 336555 
100 |a 20171017d1984 k y0rusy50 ca 
101 0 |a rus 
102 |a RU 
105 |a a dm 001zy 
200 1 |a Синхронные реактивные редукторные двигатели с уменьшенными колебаниями угловой скорости вращения ротора  |e автореферат диссертации на соискание ученой степени кандидата технических наук  |e спец. 05.09.01  |f Л. М. Шуф  |g Полюс ; Томский политехнический институт (ТПИ) ; науч. рук. Е. В. Кононенко 
210 |a Томск  |c [Б. и.]  |d 1984 
215 |a 19 с.  |c ил. 
320 |a Библиогр.: с. 18 (5 назв.) 
606 1 |a Электродвигатели синхронно-реактивные  |2 stltpush  |3 (RuTPU)RU\TPU\subj\19920  |9 45083 
610 1 |a двигатели 
610 1 |a редукторы 
610 1 |a реактивные двигатели 
610 1 |a угловая скорость 
610 1 |a роторы 
610 1 |a вращение 
610 1 |a авторефераты диссертаций 
675 |a 621.313.323(04)  |v 4 
700 1 |a Шуф  |b Л. М.  |g Леонид Моисеевич 
702 1 |a Кононенко  |b Е. В.  |4 727 
712 0 2 |a Полюс  |c Научно-производственный центр  |c (Томск)  |c (1980- )  |2 stltpush  |3 (RuTPU)RU\TPU\col\4024  |9 23920 
712 0 2 |a Томский политехнический институт (ТПИ)  |c (1944-1991)  |2 stltpush  |3 (RuTPU)RU\TPU\col\1123 
801 1 |a RU  |b 63413507  |c 20121210 
801 2 |a RU  |b 63413507  |c 20171024  |g RCR 
942 |c BK